Energetická hospodárnosť verejného osvetlenia

Gespeichert in:
Bibliographische Detailangaben
1. Verfasser: Masár, Stanislav (Verfasst von)
Weitere Verfasser: Gašparovský, Dionýz (Betreuung Doktorarbeit)
Format: Manuskript Buch
Sprache:Slowakisch
Veröffentlicht: 2019
Schlagworte:
Online-Zugang:http://is.stuba.sk/zp/portal_zp.pl?podrobnosti=135972
Tags: Tag hinzufügen
Keine Tags, Fügen Sie das erste Tag hinzu!

MARC

LEADER 00000ntm a22000003a 4500
001 stuzp71751
003 SK-STU
005 20190723095002.3
007 ta
008 150427s2015----xo-----f-mn---000-0-slo-d
040 |a STU  |b slo 
041 0 |a slo 
044 |a xo 
100 1 |a Masár, Stanislav  |u 032000  |4 aut  |U FEI Fakulta elektrotechniky a informatiky  |T FEI Ústav elektroenergetiky a aplikovanej elektrotechniky  |X 86947  |U E020  |Y 548  |7 86947 
242 0 1 |a Energy Performance of Public Lighting  |y eng 
245 1 0 |a Energetická hospodárnosť verejného osvetlenia 
260 |c 2019 
300 |a 50 s. 
650 4 |a energetická hospodárnosť  |2 slo 
650 4 |a verejné osvetlenie  |2 slo 
650 4 |a ukazovatele energetickej hospodárnosti  |2 slo 
650 4 |a energy performance  |2 eng 
650 4 |a public lighting  |2 eng 
650 4 |a energy performance indicators  |2 eng 
700 1 |a Gašparovský, Dionýz  |u 032000  |k Z1  |4 ths  |U FEI Fakulta elektrotechniky a informatiky  |T FEI Ústav elektroenergetiky a aplikovanej elektrotechniky  |X 1935  |U E020  |Y 548  |7 A000001935 
856 4 |u http://is.stuba.sk/zp/portal_zp.pl?podrobnosti=135972 
996 |b 284ER02936  |c E*Bc- 2936  |l EE32  |s P  |a 0  |w stuzp71751_0001